[Event "CMB Breizh Masters Masculins 2010"]
[Site "Guingamp-Pabu (FRANCE)"]
[Date "2010.02.19"]
[Round "1"]
[White "Massoni, Michael"]
[Black "Serafimov, Tervel"]
[Result "0-1"]
[WhiteElo "2274"]
[BlackElo "2432"]
[PlyCount "192"]
[EventDate "2010.??.??"]

1. e4 c6 2. d4 g6 3. Nc3 d5 4. f3 Bg7 5. Be3 dxe4 6. fxe4 e5 7. dxe5 Qxd1+ 8.
Rxd1 Bg4 9. Nf3 Nd7 10. h3 Be6 11. Bf4 h6 12. Be2 Ne7 13. Nd4 Nc8 14. Nxe6 fxe6
15. Bc4 Ke7 16. Ne2 Ncb6 17. Bb3 c5 18. a3 Bxe5 19. O-O g5 20. Bg3 Rhf8 21. c3
Bxg3 22. Nxg3 Rad8 23. Rxf8 Rxf8 24. Nf1 Nf6 25. Nd2 Nfd7 26. Bc2 Ne5 27. b3 a5
28. Rf1 Rd8 29. Nf3 Nxf3+ 30. Rxf3 a4 31. b4 cxb4 32. cxb4 Rc8 33. Bd3 Nc4 34.
Be2 Nd2 35. Re3 Nb1 36. Kf2 Rc2 37. Kg3 Ra2 38. Bb5 Nxa3 39. Bxa4 Nc4 40. Rc3
Nd6 41. Bc2 Nb5 42. Rc5 Nd4 43. Bd1 Kf6 44. Rc7 b5 45. Rh7 Kg6 46. Rh8 Rb2 47.
Rg8+ Kf7 48. Rh8 Kg7 49. Rb8 Rxb4 50. e5 Rb2 51. Bh5 Nf5+ 52. Kh2 Nh4 53. Rb7+
Kf8 54. Rf7+ Kg8 55. Re7 Rxg2+ 56. Kh1 Rf2 57. Rxe6 Nf5 58. Rb6 Ng3+ 59. Kg1
Rf5 60. Be8 Ne2+ 61. Kh2 Rxe5 62. Bxb5 Nf4 63. Bc4+ Kg7 64. Rb7+ Kf8 65. Rf7+
Ke8 66. Rh7 Rc5 67. Bb3 h5 68. Ba4+ Kf8 69. Ra7 Rc3 70. Bd7 Rc5 71. Ba4 Rd5 72.
Rd7 Ra5 73. Bb3 Re5 74. Bc4 Ke8 75. Rg7 Rc5 76. Bb3 Ra5 77. Bc4 h4 78. Rb7 Rc5
79. Bb5+ Kf8 80. Bd7 Ke7 81. Bg4+ Kf6 82. Rb2 Ke5 83. Ra2 Ke4 84. Ra4+ Ke3 85.
Ra2 Rd5 86. Rb2 Nd3 87. Re2+ Kf4 88. Rd2 Nb4 89. Rxd5 Nxd5 90. Bc8 Ke3 91. Be6
Nf4 92. Bg4 Kf2 93. Bc8 Nd3 94. Bf5 Ne5 95. Be6 Nf3+ 96. Kh1 Kg3 0-1

[Event "CMB Breizh Masters Masculins 2010"]
[Site "Guingamp-Pabu (FRANCE)"]
[Date "2010.02.19"]
[Round "1"]
[White "Alanic, Xavier"]
[Black "Brunello, Marina"]
[Result "0-1"]
[WhiteElo "2296"]
[BlackElo "2217"]
[PlyCount "120"]
[EventDate "2010.??.??"]

1. c4 e6 2. g3 Nf6 3. Bg2 d5 4. Nf3 Be7 5. O-O O-O 6. b3 c5 7. Bb2 Nc6 8. e3 d4
9. exd4 cxd4 10. Re1 Bc5 11. a3 a5 12. d3 Re8 13. Ne5 Nxe5 14. Rxe5 Qc7 15. Qe2
Bd6 16. Rb5 e5 17. Nd2 Rb8 18. c5 Bxc5 19. b4 axb4 20. axb4 Bd6 21. Nc4 Bd7 22.
Rb6 Bc6 23. Nxd6 Qxb6 24. Nxe8 Rxe8 25. Ba3 Nd5 26. Bxd5 Bxd5 27. Rc1 Qf6 28.
f4 Bc6 29. b5 Bxb5 30. fxe5 Qxe5 31. Qxe5 Rxe5 32. Rc8+ Re8 33. Rxe8+ Bxe8 34.
Kf2 f6 35. Bc5 Kf7 36. Bxd4 Ke6 37. Bb6 Kd5 38. Ke3 Kc6 39. Bd8 Kc5 40. Be7+
Kd5 41. Bb4 Bc6 42. Be7 Ke5 43. h4 h5 44. Bb4 b5 45. Be7 Be8 46. Bf8 g5 47. Be7
gxh4 48. gxh4 f5 49. Bf8 f4+ 50. Ke2 Bc6 51. Be7 Kf5 52. Kf1 Kg4 53. Kf2 Bd5
54. Bd6 Bf7 55. Be7 Bg6 56. d4 Be4 57. Bd6 Bd5 58. Be7 Kf5 59. Bb4 Ke4 60. Bd2
f3 0-1

[Event "CMB Breizh Masters Masculins 2010"]
[Site "Guingamp-Pabu (FRANCE)"]
[Date "2010.02.19"]
[Round "1"]
[White "Laurent, Julien G"]
[Black "Bouget, Alexandre"]
[Result "1-0"]
[WhiteElo "2319"]
[BlackElo "2165"]
[PlyCount "105"]

1. c4 Nf6 2. Nc3 g6 3. Nf3 d5 4. cxd5 Nxd5 5. Qa4+ Bd7 6. Qb3 Nb6 7. d4 Bg7 8.
Bf4 O-O 9. e3 a5 10. Be2 a4 11. Qc2 Bc6 12. O-O N8d7 13. Rfd1 e6 14. e4 f5 15.
d5 fxe4 16. Bg5 Bf6 17. Bxf6 Rxf6 18. Nxe4 Bxd5 19. Nxf6+ Qxf6 20. Qc3 Qxc3 21.
bxc3 Nf6 22. Ne5 Ra5 23. Nd3 Bc4 24. Nf4 Bxe2 25. Nxe2 Nfd5 26. Rac1 Rc5 27.
Rd4 Nc4 28. Ng3 Nd6 29. Rxa4 Nxc3 30. Ra8+ Kf7 31. Kf1 e5 32. Ne2 Nce4 33. f3
Rxc1+ 34. Nxc1 Ng5 35. Ra5 Kf6 36. Kf2 e4 37. Ne2 Ne6 38. Nc3 e3+ 39. Ke1 Nf5
40. Ra7 Nc5 41. Ne4+ Nxe4 42. fxe4 Nd6 43. Ke2 c5 44. Kxe3 h5 45. Ra8 b5 46.
Ra6 Ke5 47. Rc6 Nxe4 48. Rxg6 h4 49. Rh6 Nd6 50. Rh5+ Nf5+ 51. Kf3 Kf6 52. Kf4
Nd4 53. Rxc5 1-0

[Event "CMB Breizh Masters Masculins 2010"]
[Site "Guingamp-Pabu (FRANCE)"]
[Date "2010.02.19"]
[Round "1"]
[White "Bailet, Pierre"]
[Black "Fierro Baquero, Martha L"]
[Result "1/2-1/2"]
[WhiteElo "2367"]
[BlackElo "2354"]
[PlyCount "150"]
[EventDate "2010.??.??"]

1. e4 c5 2. Nf3 g6 3. d4 cxd4 4. Nxd4 Nc6 5. c4 Nf6 6. Nc3 Nxd4 7. Qxd4 d6 8.
Bg5 Bg7 9. Qd2 O-O 10. Bd3 a5 11. O-O Be6 12. Rac1 a4 13. Nd5 Bxd5 14. exd5 Qa5
15. Qd1 Rfe8 16. Bd2 Qb6 17. Bc3 Nd7 18. Qd2 Bxc3 19. Rxc3 Qd4 20. Qc1 Rec8 21.
Rd1 Qf6 22. Be2 Rc7 23. Rf3 Qg7 24. Re3 Qf6 25. Rf3 Qg7 26. Re3 Qf8 27. Qd2 Ne5
28. Qd4 Rac8 29. b3 axb3 30. axb3 Ra8 31. c5 Rac8 32. b4 Nd7 33. Bg4 f5 34. Bf3
dxc5 35. bxc5 Rxc5 36. Rde1 Rc1 37. d6 e5 38. Qd5+ Kg7 39. Qe6 Qe8 40. Qd5 e4
41. Qxb7 Rb8 42. Qd5 Rbb1 43. Qd2 Rxe1+ 44. Rxe1 Rxe1+ 45. Qxe1 Qe5 46. Be2
Qxd6 47. g3 Qd4 48. Qa5 e3 49. fxe3 Qxe3+ 50. Kf1 Qc1+ 51. Kf2 Nf6 52. Qe5 Kf7
53. Bf3 Qc2+ 54. Kg1 Qc1+ 55. Kf2 Qd2+ 56. Kg1 Qd7 57. Be2 Qa7+ 58. Kf1 Qe7 59.
Bc4+ Kf8 60. Qd4 Kg7 61. Kf2 h5 62. Be2 Kh7 63. Bf3 Kg7 64. Kg2 Kh7 65. Kf2 Nd7
66. Kg2 Ne5 67. Qe3 Qc7 68. Qe2 Qc3 69. Bxh5 Kh6 70. Bf3 Qd4 71. Qf2 Qc3 72.
Bd5 Kg7 73. Qa7+ Kh6 74. Qa8 Ng4 75. Qf8+ Qg7 1/2-1/2

[Event "CMB Breizh Masters Masculins 2010"]
[Site "Guingamp-Pabu (FRANCE)"]
[Date "2010.02.20"]
[Round "2"]
[White "Alanic, Xavier"]
[Black "Massoni, Michael"]
[Result "1-0"]
[WhiteElo "2296"]
[BlackElo "2274"]
[PlyCount "99"]

1. c4 c5 2. Nc3 Nc6 3. g3 g6 4. Bg2 Bg7 5. d3 e6 6. e4 Nge7 7. Nge2 d6 8. O-O
O-O 9. Be3 Nd4 10. Rb1 b6 11. f4 Bb7 12. b4 Qd7 13. Bf2 f5 14. Nxd4 cxd4 15.
Ne2 e5 16. Qb3 fxe4 17. dxe4 Kh8 18. Rbc1 Rac8 19. Rfd1 Ng8 20. c5 bxc5 21.
bxc5 dxc5 22. Qa3 Rf6 23. fxe5 Ra6 24. Qb3 Bxe5 25. Bh3 Qxh3 26. Qxb7 Rxa2 27.
Qd5 Rxe2 28. Qxe5+ Nf6 29. Qxf6+ Kg8 30. Qf3 Rb2 31. Rf1 Rf8 32. Qxf8+ Kxf8 33.
Bxd4+ Ke7 34. Bxb2 Qh6 35. Rf4 g5 36. Rf2 g4 37. Rxc5 Qe3 38. Rcc2 a5 39. Rce2
Qd3 40. Bf6+ Ke6 41. Bg5 a4 42. Bf4 a3 43. h3 gxh3 44. Kh2 Qb1 45. e5 h5 46.
Bg5 Qb5 47. Rf6+ Kd5 48. Rd6+ Kc5 49. Rdd2 Kc4 50. Bh4 1-0

[Event "CMB Breizh Masters Masculins 2010"]
[Site "Guingamp-Pabu (FRANCE)"]
[Date "2010.02.20"]
[Round "2"]
[White "Fierro Baquero, Martha L"]
[Black "Koziak, Vitali"]
[Result "0-1"]
[WhiteElo "2354"]
[BlackElo "2482"]
[PlyCount "54"]
[EventDate "2010.??.??"]

1. e4 c6 2. d4 d5 3. e5 Bf5 4. Nf3 e6 5. Be2 Nd7 6. O-O Ne7 7. Nh4 Bg6 8. Be3
a6 9. Nd2 c5 10. dxc5 Nc6 11. Nxg6 hxg6 12. Nf3 Bxc5 13. Bxc5 Nxc5 14. c4 d4
15. b4 Nxb4 16. Qxd4 Qxd4 17. Nxd4 O-O-O 18. Nf3 Rd7 19. g3 Rhd8 20. Rfc1 Nc6
21. Rc2 Nd3 22. Bxd3 Rxd3 23. Ng5 Nxe5 24. c5 R8d7 25. Ne4 Rc7 26. Rb1 Rd4 27.
Re2 Rxe4 0-1

[Event "CMB Breizh Masters Masculins 2010"]
[Site "Guingamp-Pabu (FRANCE)"]
[Date "2010.02.20"]
[Round "2"]
[White "Serafimov, Tervel"]
[Black "Laurent, Julien G"]
[Result "1-0"]
[WhiteElo "2432"]
[BlackElo "2319"]
[PlyCount "47"]
[EventDate "2010.??.??"]

1. c4 g6 2. g3 Bg7 3. Bg2 d6 4. Nc3 Nf6 5. d4 O-O 6. Nf3 Nbd7 7. d5 e5 8. dxe6
fxe6 9. O-O Nc5 10. Be3 Nce4 11. Nxe4 Nxe4 12. Qc2 d5 13. Rad1 c6 14. h4 Qf6
15. Bd4 Qe7 16. Bxg7 Qxg7 17. Nd2 Nxd2 18. Qxd2 dxc4 19. Qg5 e5 20. Rd6 Re8 21.
Be4 Be6 22. Rfd1 Rac8 23. h5 Kf7 24. Rd7+ 1-0

[Event "CMB Breizh Masters Masculins 2010"]
[Site "Guingamp-Pabu (FRANCE)"]
[Date "2010.02.20"]
[Round "2"]
[White "Bouget, Alexandre"]
[Black "Bailet, Pierre"]
[Result "0-1"]
[WhiteElo "2165"]
[BlackElo "2367"]
[PlyCount "61"]

1. d4 Nf6 2. c4 d6 3. Nc3 Nbd7 4. e4 e5 5. d5 Be7 6. Bd3 O-O 7. Nge2 a5 8. O-O
c6 9. Ng3 Nc5 10. Be2 cxd5 11. cxd5 Bd7 12. Be3 Rc8 13. a3 Ne8 14. b4 Na6 15.
Qb3 Bg5 16. Nd1 axb4 17. axb4 Bf4 18. Bd3 Qh4 19. Re1 Nf6 20. Bxf4 exf4 21. Nf1
Ng4 22. h3 Ne5 23. Bxa6 bxa6 24. Rxa6 Bb5 25. Ra5 Nd3 26. Rxb5 Nxe1 27. Nd2 Rc1
28. Nf3 Nxf3+ 29. Qxf3 Qf6 30. Kf1 Qd4 31. Ke1 0-1

[Event "CMB Breizh Masters Masculins 2010"]
[Site "Guingamp-Pabu (FRANCE)"]
[Date "2010.02.20"]
[Round "2"]
[White "Brunello, Marina"]
[Black "Jolly, Jean-Francois"]
[Result "0-1"]
[WhiteElo "2217"]
[BlackElo "2417"]
[PlyCount "76"]

1. e4 e6 2. d4 d5 3. Nd2 c5 4. exd5 exd5 5. dxc5 Bxc5 6. Ngf3 Ne7 7. Nb3 Bb6 8.
Bf4 O-O 9. Bd3 Ng6 10. Bg3 Re8+ 11. Be2 Qe7 12. h3 Nc6 13. c3 Bd7 14. Nc1 d4
15. O-O dxc3 16. bxc3 Bf5 17. Bd3 Qf6 18. Qc2 Bxh3 19. Nb3 Bg4 20. Nbd2 Bxf3
21. Nxf3 Rac8 22. Bf5 Rcd8 23. Rad1 Ba5 24. c4 Nb4 25. Qb1 Qc3 26. Rxd8 Rxd8
27. Qe4 Nc6 28. Ng5 Qd4 29. Qf3 Qf6 30. Ne6 Qe7 31. Qg4 Rd4 32. f3 Nce5 33. Qh5
Bc7 34. Ng5 h6 35. Ne6 Nxc4 36. Bf2 Rd5 37. Qh3 Nf4 38. Qg4 h5 0-1

[Event "CMB Breizh Masters Masculins 2010"]
[Site "Guingamp-Pabu (FRANCE)"]
[Date "2010.02.21"]
[Round "3"]
[White "Massoni, Michael"]
[Black "Brunello, Marina"]
[Result "1/2-1/2"]
[WhiteElo "2274"]
[BlackElo "2217"]
[PlyCount "84"]

1. e4 c5 2. Nf3 d6 3. d4 cxd4 4. Nxd4 Nf6 5. Nc3 a6 6. Be2 e5 7. Nb3 Be7 8. Be3
Be6 9. O-O O-O 10. Qd2 Nbd7 11. a4 Qc7 12. a5 Nc5 13. Nd5 Bxd5 14. exd5 Rac8
15. Nxc5 dxc5 16. c4 Bd6 17. Qc2 e4 18. g3 Rce8 19. f4 Nd7 20. Rfc1 f5 21. Qd2
Rb8 22. Ra2 Be7 23. b3 Bd6 24. Kg2 Rf6 25. b4 Rff8 26. b5 Qd8 27. Rb1 Qc7 28.
Rab2 Rfe8 29. Bd1 axb5 30. cxb5 b6 31. a6 Ra8 32. Be2 Ra7 33. Bc4 Qd8 34. Qc3
Qf6 35. Qxf6 Nxf6 36. h3 h5 37. Rd1 Kf7 38. h4 g6 39. Rb3 Kf8 40. Rb2 Kg7 41.
Rb3 Kf8 42. Rb2 Kg7 1/2-1/2

[Event "CMB Breizh Masters Masculins 2010"]
[Site "Guingamp-Pabu (FRANCE)"]
[Date "2010.02.21"]
[Round "3.2"]
[White "Laurent, Julien G"]
[Black "Alanic, Xavier"]
[Result "0-1"]
[WhiteElo "2319"]
[BlackElo "2296"]
[PlyCount "78"]

1. d4 g6 2. e4 c6 3. Nc3 d5 4. h3 Bg7 5. Nf3 dxe4 6. Nxe4 Nd7 7. Bc4 Ngf6 8.
Neg5 O-O 9. h4 Nb6 10. Bb3 Nbd5 11. Ne5 h6 12. Ngf3 Bf5 13. c4 Nc7 14. Be3 Ng4
15. Nxg4 Bxg4 16. Qd2 Bxf3 17. gxf3 h5 18. O-O-O e6 19. Rhg1 b5 20. c5 Nd5 21.
Bh6 Kh7 22. Bg5 Qd7 23. Bc2 Rae8 24. f4 Ne7 25. Bxe7 Rxe7 26. Qe2 f5 27. Rge1
Qc7 28. Qf3 Rd8 29. Bb3 Rxd4 30. Rxd4 Bxd4 31. Bxe6 Bxc5 32. Kb1 Qd6 33. Qb3
Bxf2 34. Re2 Bxh4 35. Bg8+ Kg7 36. a3 a5 37. Be6 Bf6 38. a4 bxa4 39. Qc4 a3 0-1

[Event "CMB Breizh Masters Masculins 2010"]
[Site "Guingamp-Pabu (FRANCE)"]
[Date "2010.02.21"]
[Round "3"]
[White "Bailet, Pierre"]
[Black "Serafimov, Tervel"]
[Result "1/2-1/2"]
[WhiteElo "2367"]
[BlackElo "2432"]
[PlyCount "52"]

1. d4 d5 2. c4 c5 3. Nf3 cxd4 4. cxd5 Nf6 5. Qa4+ Qd7 6. Qxd4 Qxd5 7. Nc3 Qxd4
8. Nxd4 a6 9. g3 e5 10. Nb3 Nc6 11. Bg2 Be6 12. O-O Bb4 13. Be3 Bxc3 14. bxc3
Bd5 15. Bh3 O-O 16. Nc5 Na5 17. Bg5 Ne4 18. Nxe4 Bxe4 19. Rfd1 Bc6 20. Rab1 h6
21. Be7 Rfe8 22. Bc5 Ba4 23. Rd5 Bc6 24. Rdd1 Ba4 25. Re1 Bc6 26. Red1 Ba4
1/2-1/2

[Event "CMB Breizh Masters Masculins 2010"]
[Site "Guingamp-Pabu (FRANCE)"]
[Date "2010.02.21"]
[Round "3"]
[White "Koziak, Vitali"]
[Black "Bouget, Alexandre"]
[Result "1-0"]
[WhiteElo "2482"]
[BlackElo "2165"]
[PlyCount "39"]

1. e4 e5 2. Nf3 Nc6 3. Bc4 Nf6 4. Ng5 d5 5. exd5 Nd4 6. c3 b5 7. Bf1 Nf5 8.
Bxb5+ Bd7 9. Bxd7+ Qxd7 10. O-O O-O-O 11. c4 h6 12. Nf3 Bd6 13. d4 Rhe8 14. c5
Bf8 15. c6 Qxd5 16. Qd3 Nd6 17. Qa6+ Kb8 18. dxe5 Rxe5 19. Nxe5 Qxe5 20. Be3
1-0

[Event "CMB Breizh Masters Masculins 2010"]
[Site "Guingamp-Pabu (FRANCE)"]
[Date "2010.02.21"]
[Round "3.5"]
[White "Jolly, Jean-Francois"]
[Black "Fierro Baquero, Martha L"]
[Result "0-1"]
[WhiteElo "2417"]
[BlackElo "2354"]
[PlyCount "76"]

1. d4 Nf6 2. c4 g6 3. Nc3 Bg7 4. e4 d6 5. Nf3 O-O 6. Be2 e5 7. O-O Nc6 8. d5
Ne7 9. b4 Nh5 10. Re1 Kh8 11. Nd2 Nf4 12. Bf1 f5 13. g3 Nh5 14. exf5 Nxf5 15.
Nce4 Nd4 16. Bb2 Nf6 17. Nxf6 Qxf6 18. Bxd4 exd4 19. Ne4 Qf7 20. Qd2 h6 21. Bg2
Bg4 22. Rab1 Rae8 23. f4 Bf5 24. Re2 b5 25. cxb5 Qxd5 26. Nf2 Qxb5 27. Rxe8
Rxe8 28. Rc1 c5 29. g4 Be6 30. bxc5 dxc5 31. Qc2 Bf7 32. a4 Qb8 33. f5 Qf4 34.
Qxc5 gxf5 35. gxf5 Re2 36. Rf1 Be5 37. Qf8+ Bg8 38. Ng4 Qxg4 0-1

[Event "CMB Breizh Masters Masculins 2010"]
[Site "Guingamp-Pabu (FRANCE)"]
[Date "2010.02.22"]
[Round "4"]
[White "Brunello, Marina"]
[Black "Fierro Baquero, Martha L"]
[Result "1/2-1/2"]
[WhiteElo "2217"]
[BlackElo "2354"]
[PlyCount "52"]

1. e4 e5 2. Nf3 Nf6 3. Nxe5 d6 4. Nf3 Nxe4 5. Qe2 Qe7 6. d3 Nf6 7. Qxe7+ Bxe7
8. Nc3 Bg4 9. Be2 Nc6 10. Be3 O-O-O 11. h3 Bh5 12. O-O-O Ne5 13. Nxe5 dxe5 14.
Bxh5 Nxh5 15. d4 exd4 16. Rxd4 Rxd4 17. Bxd4 Bf6 18. Bxf6 Nxf6 19. Rd1 Rd8 20.
Rxd8+ Kxd8 21. Kd2 Kd7 22. Kd3 c5 23. g3 Kc6 24. Ne4 Nxe4 25. Kxe4 Kd6 26. f4
f6 1/2-1/2

[Event "CMB Breizh Masters Masculins 2010"]
[Site "Guingamp-Pabu (FRANCE)"]
[Date "2010.02.26"]
[Round "8"]
[White "Massoni, Michael"]
[Black "Fierro Baquero, Martha L"]
[Result "1/2-1/2"]
[WhiteElo "2274"]
[BlackElo "2354"]
[PlyCount "104"]

1. e4 g6 2. d4 Bg7 3. Nf3 d6 4. Nc3 a6 5. a4 Bg4 6. Be2 Nc6 7. Be3 e5 8. d5
Nce7 9. h3 Bxf3 10. Bxf3 Nf6 11. a5 O-O 12. g4 Nd7 13. g5 b5 14. h4 b4 15. Na4
f5 16. gxf6 Nxf6 17. h5 Qe8 18. h6 Bh8 19. Bg2 Nh5 20. Bh3 Bf6 21. Qd2 Qb5 22.
Bf1 Qb7 23. b3 Nf4 24. Nb2 Kh8 25. Ra4 Rab8 26. Nd3 Nxd3+ 27. Qxd3 Ra8 28. Qd2
c5 29. Bh3 Nc8 30. Ra1 Na7 31. Bf1 Nb5 32. Bxb5 Qxb5 33. Qe2 Qd7 34. Kd2 Qe7
35. Rhg1 Rfc8 36. Rg3 Rc7 37. Rag1 Rb7 38. Rf3 Rb5 39. Ra1 Rf8 40. Qf1 Qd7 41.
Qg2 Qc8 42. Qh3 Qxh3 43. Rxh3 Bd8 44. Rhh1 Kg8 45. Rhf1 Rb7 46. f4 exf4 47.
Rxf4 Bf6 48. Raf1 Rbf7 49. Ke2 Be5 50. Rxf7 Rxf7 51. Rxf7 Kxf7 52. Kf3 Ke7
1/2-1/2

[Event "CMB Breizh Masters Masculins 2010"]
[Site "Guingamp-Pabu (FRANCE)"]
[Date "2010.02.22"]
[Round "4"]
[White "Alanic, Xavier"]
[Black "Bailet, Pierre"]
[Result "0-1"]
[WhiteElo "2296"]
[BlackElo "2367"]
[PlyCount "130"]

1. c4 Nf6 2. g3 e6 3. Bg2 d5 4. Nf3 Be7 5. O-O O-O 6. b3 a5 7. Bb2 a4 8. bxa4
Nbd7 9. cxd5 exd5 10. Nc3 Nb6 11. d4 Bd7 12. Ne5 Bxa4 13. Qd3 Bd7 14. e4 Ba3
15. Bc1 Bxc1 16. Rfxc1 Be6 17. a4 Ra5 18. exd5 Nbxd5 19. Ne4 Nxe4 20. Bxe4 Nf6
21. Qe3 Nxe4 22. Qxe4 Rd5 23. Nf3 Qf6 24. Rxc7 Rf5 25. Ne5 Rxf2 26. Rc2 Rxc2
27. Qxc2 Rc8 28. Qe4 Qg5 29. Re1 Rd8 30. Qxb7 Bd5 31. Qb2 f6 32. Nd3 Qf5 33.
Nf4 h5 34. Qe2 Bf7 35. Qf2 Qa5 36. Ra1 Qc3 37. Re1 Qb4 38. d5 Qxa4 39. h4 Qb3
40. Qe3 Qa2 41. Rd1 Re8 42. Qf3 Qc2 43. Qd3 Qc5+ 44. Qd4 Qd6 45. Kf2 Rb8 46.
Rd2 Rb4 47. Qe3 Rb1 48. Qd4 Rb5 49. Qe4 Rb3 50. Qd4 g5 51. hxg5 fxg5 52. Ne2 h4
53. gxh4 Qh2+ 54. Ke1 Qh1+ 55. Ng1 Rg3 56. Kf1 Be8 57. Rb2 Rf3+ 58. Ke1 Rf4 59.
Qb6 Qxh4+ 60. Rf2 Re4+ 61. Ne2 Bh5 62. Qd8+ Re8 63. Qxe8+ Bxe8 64. d6 Qb4+ 65.
Kf1 Qxd6 0-1

[Event "CMB Breizh Masters Masculins 2010"]
[Site "Guingamp-Pabu (FRANCE)"]
[Date "2010.02.22"]
[Round "4"]
[White "Massoni, Michael"]
[Black "Laurent, Julien G"]
[Result "0-1"]
[WhiteElo "2274"]
[BlackElo "2319"]
[PlyCount "54"]

1. e4 c5 2. Nf3 d6 3. d4 cxd4 4. Nxd4 Nf6 5. Nc3 g6 6. Be3 Bg7 7. f3 Nc6 8. Qd2
h5 9. O-O-O Bd7 10. Bc4 Na5 11. Bb3 Rc8 12. Kb1 Nc4 13. Bxc4 Rxc4 14. Nb3 a6
15. e5 dxe5 16. Nd5 Nxd5 17. Qxd5 Qc8 18. Nc5 Be6 19. Nxe6 fxe6 20. Qd3 Kf7 21.
Rhe1 Qc6 22. b3 Rc3 23. Qe4 Rc8 24. Re2 Qb5 25. Bd2 Rxc2 26. f4 R8c4 27. Qe3 e4
0-1

[Event "CMB Breizh Masters Masculins 2010"]
[Site "Guingamp-Pabu (FRANCE)"]
[Date "2010.02.22"]
[Round "4"]
[White "Bouget, Alexandre"]
[Black "Jolly, Jean-Francois"]
[Result "0-1"]
[WhiteElo "2165"]
[BlackElo "2417"]
[PlyCount "75"]
[EventDate "2010.??.??"]

1. d4 Nf6 2. c4 e6 3. Nc3 Bb4 4. e3 b6 5. Bd3 Bb7 6. Nf3 Ne4 7. O-O f5 8. Ne5
O-O 9. Ne2 Be7 10. f3 Nd6 11. b3 Ne8 12. Bc2 d6 13. Nd3 c5 14. Bb2 Nc7 15. Qe1
Bf6 16. Rd1 Nd7 17. Qg3 Qe7 18. Nf2 Bh4 19. Qh3 Rad8 20. Nd3 Bg5 21. f4 Bh4 22.
Ng3 g6 23. Rd2 h6 24. Ne1 Kh7 25. Nf3 Bf6 26. e4 Bg7 27. exf5 exf5 28. Re1 Qf6
29. dxc5 Qxb2 30. cxd6 Bxf3 31. dxc7 Bd4+ 32. Kf1 Rde8 33. Rxe8 Qc1+ 34. Re1
Qxd2 35. Nh1 Bh5 36. Qg3 Qxc2 37. Re7+ Kh8 38. Rxd7 0-1

[Event "CMB Breizh Masters Masculins 2010"]
[Site "Guingamp-Pabu (FRANCE)"]
[Date "2010.02.23"]
[Round "5"]
[White "Laurent, Julien G"]
[Black "Brunello, Marina"]
[Result "1-0"]
[WhiteElo "2319"]
[BlackElo "2217"]
[PlyCount "75"]

1. d4 Nf6 2. c4 e6 3. Nc3 c5 4. d5 exd5 5. cxd5 d6 6. e4 g6 7. f4 Qe7 8. Nf3
Bg4 9. h3 Bxf3 10. Qxf3 Bg7 11. Bc4 O-O 12. O-O Nbd7 13. a4 Rae8 14. Re1 h5 15.
Bd3 a6 16. Be3 Qd8 17. Re2 Qc7 18. Rd1 c4 19. Bc2 Nc5 20. e5 dxe5 21. fxe5 Nfd7
22. d6 Qc6 23. Nd5 Kh8 24. Ne7 Qxf3 25. gxf3 Ne6 26. f4 g5 27. f5 Nf4 28. Bxf4
gxf4 29. e6 Ne5 30. d7 Rd8 31. Nd5 f3 32. Re4 fxe6 33. fxe6 Rg8 34. Kf1 f2 35.
Ne7 Rgf8 36. Rxe5 Bxe5 37. Ng6+ Kg7 38. e7 1-0

[Event "CMB Breizh Masters Masculins 2010"]
[Site "Guingamp-Pabu (FRANCE)"]
[Date "2010.02.23"]
[Round "5"]
[White "Fierro Baquero, Martha L"]
[Black "Bouget, Alexandre"]
[Result "1-0"]
[WhiteElo "2354"]
[BlackElo "2165"]
[PlyCount "63"]

1. e4 e5 2. Nf3 Nc6 3. Bb5 a6 4. Ba4 Nf6 5. O-O Be7 6. Re1 b5 7. Bb3 O-O 8. h3
Bb7 9. d3 d5 10. exd5 Nxd5 11. c3 Qd6 12. a4 Rad8 13. axb5 axb5 14. Na3 Qg6 15.
Nxb5 Nb6 16. Qe2 Kh8 17. Nxc7 Rd7 18. Be3 Nd8 19. Na6 f5 20. Nc5 Bxc5 21. Bxc5
Re8 22. d4 Ne6 23. Bxe6 Rxe6 24. Bxb6 Rxb6 25. Qxe5 Rd8 26. Qc7 Rc8 27. Qg3 Qh6
28. Ne5 Kg8 29. Re2 Rf8 30. Qd3 Qg5 31. Qc4+ Kh8 32. Nf7+ 1-0

[Event "CMB Breizh Masters Masculins 2010"]
[Site "Guingamp-Pabu (FRANCE)"]
[Date "2010.02.23"]
[Round "5"]
[White "Jolly, Jean-Francois"]
[Black "Serafimov, Tervel"]
[Result "1/2-1/2"]
[WhiteElo "2417"]
[BlackElo "2432"]
[PlyCount "61"]

1. e4 c6 2. d4 g6 3. c4 d5 4. exd5 cxd5 5. Nc3 Nf6 6. Qb3 Bg7 7. cxd5 Nbd7 8.
Be2 Nb6 9. Bf3 O-O 10. Nge2 Bg4 11. Bxg4 Nxg4 12. a4 a5 13. Bf4 Nf6 14. Bg3
Nfxd5 15. Nxd5 Nxd5 16. Qxb7 Rc8 17. Qb3 Nb4 18. O-O Rc2 19. Rfe1 Qb6 20. Rad1
e6 21. Bf4 Rfc8 22. Be3 Nd5 23. Qxb6 Nxb6 24. b3 Rb2 25. Rb1 Rcc2 26. Nc3 Rxb1
27. Nxb1 Nd5 28. Na3 Nxe3 29. fxe3 Rc3 30. Nc4 Rxb3 31. Nxa5 1/2-1/2

[Event "CMB Breizh Masters Masculins 2010"]
[Site "Guingamp-Pabu (FRANCE)"]
[Date "2010.02.23"]
[Round "5"]
[White "Koziak, Vitali"]
[Black "Alanic, Xavier"]
[Result "1-0"]
[WhiteElo "2482"]
[BlackElo "2296"]
[PlyCount "69"]

1. e4 c6 2. d4 d5 3. Nc3 dxe4 4. Nxe4 Nd7 5. Ng5 Ngf6 6. Bd3 e6 7. N1f3 h6 8.
Nxe6 Qe7 9. O-O fxe6 10. Bg6+ Kd8 11. c4 Ng8 12. Qd3 Qd6 13. c5 Qd5 14. b4 Ne7
15. Be4 Qh5 16. Nd2 Nf6 17. Bf3 Qf5 18. Qb3 g5 19. Nc4 Ned5 20. Re1 Be7 21. b5
Rf8 22. bxc6 bxc6 23. Ne5 Bd7 24. Qb7 Rc8 25. Be4 Rc7 26. Qa8+ Rc8 27. Qxa7
Qxe5 28. dxe5 Nxe4 29. Rxe4 Be8 30. Bd2 Bg6 31. Rd4 Ke8 32. Rxd5 cxd5 33. Bb4
Rf7 34. Qb7 Rd8 35. Ba5 1-0

[Event "CMB Breizh Masters Masculins 2010"]
[Site "Guingamp-Pabu (FRANCE)"]
[Date "2010.02.24"]
[Round "6"]
[White "Massoni, Michael"]
[Black "Koziak, Vitali"]
[Result "1/2-1/2"]
[WhiteElo "2274"]
[BlackElo "2482"]
[PlyCount "93"]

1. e4 e5 2. Nf3 Nc6 3. Bc4 Nf6 4. d3 h6 5. c3 g6 6. O-O Bg7 7. d4 Qe7 8. dxe5
Nxe5 9. Nxe5 Qxe5 10. Qd3 O-O 11. Nd2 b6 12. Re1 Bb7 13. Nf3 Qh5 14. e5 d5 15.
Bb3 Ne4 16. Bf4 Rad8 17. Qe3 Rfe8 18. Bd1 c5 19. Nd2 Qf5 20. Nxe4 dxe4 21. Bxh6
Bxh6 22. Qxh6 Rxe5 23. Bc2 Qe6 24. Re3 Rh5 25. Qf4 Qe5 26. Qxe5 Rxe5 27. Rae1
f5 28. g3 Kg7 29. f3 Rd2 30. R1e2 Rxe2 31. Rxe2 e3 32. f4 Re7 33. Bd3 Bf3 34.
Re1 Kf6 35. h4 Bd5 36. a3 Re6 37. Kf1 Bf3 38. Be2 Be4 39. Bc4 Rd6 40. Rxe3 Rd1+
41. Re1 Bd3+ 42. Bxd3 Rxd3 43. Kf2 Rd2+ 44. Re2 Rd3 45. Re3 Rd2+ 46. Re2 Rd3
47. Re3 1/2-1/2

[Event "CMB Breizh Masters Masculins 2010"]
[Site "Guingamp-Pabu (FRANCE)"]
[Date "2010.02.24"]
[Round "6"]
[White "Alanic, Xavier"]
[Black "Jolly, Jean-Francois"]
[Result "1/2-1/2"]
[WhiteElo "2296"]
[BlackElo "2417"]
[PlyCount "82"]

1. c4 e5 2. Nc3 Nf6 3. g3 d5 4. cxd5 Nxd5 5. Bg2 Nb6 6. Nf3 Nc6 7. O-O Be7 8.
a3 a5 9. d3 O-O 10. Be3 f5 11. Qb3+ Kh8 12. Bxb6 cxb6 13. Na4 e4 14. dxe4 fxe4
15. Rad1 Qe8 16. Nd4 Bf6 17. Nxc6 bxc6 18. Qxb6 Bf5 19. Nc3 Qe6 20. Qc5 Be7 21.
Qe3 Rab8 22. Rd2 Rb3 23. Qa7 Qe5 24. e3 Bxa3 25. bxa3 Qxc3 26. Rd4 Rbb8 27. a4
c5 28. Rd5 Rbc8 29. Rxf5 Rxf5 30. Bh3 Rff8 31. Bxc8 Rxc8 32. Qd7 Rb8 33. Rd1 h6
34. Qe7 Qb4 35. Rd8+ Rxd8 36. Qxd8+ Kh7 37. Qd7 h5 38. Qf5+ Kg8 39. Qd5+ Kf8
40. Qd8+ Kf7 41. Qd7+ Kf8 1/2-1/2

[Event "CMB Breizh Masters Masculins 2010"]
[Site "Guingamp-Pabu (FRANCE)"]
[Date "2010.02.24"]
[Round "6"]
[White "Laurent, Julien G"]
[Black "Bailet, Pierre"]
[Result "1/2-1/2"]
[WhiteElo "2319"]
[BlackElo "2367"]
[PlyCount "53"]

1. c4 e6 2. Nf3 d5 3. g3 Nf6 4. Bg2 Be7 5. O-O O-O 6. b3 c5 7. e3 Nc6 8. Qe2 e5
9. cxd5 Nxd5 10. d3 Be6 11. Bb2 f6 12. Nbd2 Qd7 13. d4 exd4 14. exd4 cxd4 15.
Nxd4 Nxd4 16. Bxd4 Bf7 17. Nf3 Rfe8 18. Qb2 a5 19. Rfe1 Bf8 20. Rxe8 Rxe8 21.
Re1 a4 22. bxa4 Rxe1+ 23. Nxe1 Qxa4 24. Nc2 Nb4 25. Nxb4 Qxb4 26. Qxb4 Bxb4 27.
Bxb7 1/2-1/2